[Event "Zagreb op-A"]
[Site "Zagreb"]
[Date "2012.03.11"]
[Round "8"]
[White "Ivekovic, Bozidar1111"]
[Black "Graziani, Claudio"]
[Result "1/2-1/2"]
[WhiteElo "2211"]
[BlackElo "2214"]
[PlyCount "50"]
[EventDate "2012.03.05"]
[EventType "swiss"]
[EventRounds "9"]
[EventCountry "CRO"]
[SourceTitle "CBM 147 Extra"]
[Source "ChessBase"]
[SourceDate "2012.04.24"]
[SourceVersion "1"]
[SourceVersionDate "2012.04.24"]
[SourceQuality "1"]

1. e4 e6 2. d4 d5 3. Nc3 Bb4 4. e5 Qd7 5. f4 b6 6. Nf3 Ne7 7. a3 Bxc3+ 8. bxc3 Ba6 9. Bxa6 Nxa6 10. 0-0 Qa4 11. g4 h5 12. h3 hxg4 13. hxg4 0-0-0 14. Qe2 Kb7 15. Rb1 Rh3 16. Kg2 Rdh8 17. Be3 Nb8 18. Bf2 g5 19. Nxg5 Rxc3 20. Rfc1 Qe8 21. Rb3 Ng6 22. Bg3 Rc4 23. Rb4 Rc3 24. Rb3 Rc4 25. Rb4 Rc3 1/2-1/2

[Event "Zagreb op-A"]
[Site "Zagreb"]
[Date "2012.03.06"]
[Round "2"]
[White "Sertic, Rudolf"]
[Black "Graziani, Claudio"]
[Result "1-0"]
[WhiteElo "2396"]
[BlackElo "2214"]
[PlyCount "195"]
[EventDate "2012.03.05"]
[EventType "swiss"]
[EventRounds "9"]
[EventCountry "CRO"]
[SourceTitle "CBM 147 Extra"]
[Source "ChessBase"]
[SourceDate "2012.04.24"]
[SourceVersion "1"]
[SourceVersionDate "2012.04.24"]
[SourceQuality "1"]

1. Nf3 d5 2. c4 d4 3. g3 Nc6 4. d3 e5 5. Bg2 Bb4+ 6. Bd2 a5 7. 0-0 Nf6 8. Na3 0-0 9. Nc2 Bxd2 10. Qxd2 Re8 11. Ng5 Bf5 12. Ne4 Nxe4 13. dxe4 Be6 14. b3 Qe7 15. f4 f6 16. f5 Bf7 17. a4 Ra6 18. g4 Rb6 19. Rf3 Nb4 20. Ne1 Na6 21. Qc2 Nc5 22. Rb1 g5 23. h4 h6 24. Rh3 Kg7 25. Kf2 Rd8 26. Nd3 Be8 27. Rbh1 Nxd3+ 28. Qxd3 Qb4 29. Rf3 Rdd6 30. Rc1 Qc5 31. Kg3 Bf7 32. Rcf1 Ra6 33. Kh2 Ra8 34. Rh3 Rdd8 35. Rh1 Rh8 36. Bf1 Rad8 37. Kg2 Qb4 38. Kf2 Rdg8 39. Bg2 Qc5 40. R1h2 b6 41. Bf3 Qb4 42. Qd1 Rd8 43. Bg2 Qc5 44. Rd3 Rh7 45. Qh1 Rdh8 46. Kf1 Bg8 47. Kf2 Kf8 48. Rhh3 Qe7 49. Bf3 c5 50. Rh2 Kg7 51. Qg1 Bf7 52. Qg3 Be8 53. Rd1 Bc6 54. Rh3 Qb7 55. Qg2 Kg8 56. Rdh1 Qg7 57. R1h2 Be8 58. Qh1 Bd7 59. e3 gxh4 60. exd4 cxd4 61. Rxh4 Qg5 62. Qe1 Kg7 63. Qe2 Rd8 64. Qd3 Rhh8 65. Rh1 Qf4 66. Ke2 Qg5 67. R4h2 Rc8 68. Ra1 Qf4 69. Rh3 Rhg8 70. Rah1 Rh8 71. Ra1 Kf8 72. Rah1 Kg7 73. Ra1 Rc7 74. Kf2 Be8 75. Ke2 Kf8 76. Rg1 Rg7 77. Rgh1 Rd7 78. Rh4 Qg5 79. R4h3 Bf7 80. Kf2 Ke7 81. Ke2 Qf4 82. Qd2 Qe3+ 83. Qxe3 dxe3 84. Kxe3 Rhd8 85. Be2 Rd2 86. Rb1 R8d4 87. Rxh6 Be8 88. g5 fxg5 89. Re6+ Kd7 90. Rxe5 Bh5 91. Bf1 Kc7 92. c5 g4 93. cxb6+ Kxb6 94. f6 Bg6 95. Bc4 Rd1 96. Rxd1 Rxd1 97. f7 Rd8 98. Re6+ 1-0

[Event "San Severino Marche 12th"]
[Site "San Severino Marche"]
[Date "2010.09.05"]
[Round "4"]
[White "Graziani, Claudio"]
[Black "Mazzarini, Daniele"]
[Result "1-0"]
[WhiteElo "2000"]
[BlackElo "1811"]
[PlyCount "119"]
[EventDate "2010.09.03"]
[EventType "swiss"]
[EventRounds "5"]
[EventCountry "ITA"]
[SourceTitle "EXT 2024"]
[Source "ChessBase"]
[SourceDate "2023.10.10"]
[SourceVersion "1"]
[SourceVersionDate "2023.10.10"]
[SourceQuality "1"]

1. d4 d5 2. Bf4 Nf6 3. Nf3 c5 4. e3 Nc6 5. c3 e6 6. Nbd2 Bd6 7. Bg3 Qe7 8. Ne5 0-0 9. Bd3 Nd7 10. Nxd7 Bxd7 11. Nf3 e5 12. Nxe5 Nxe5 13. dxe5 Bxe5 14. Bxh7+ Kxh7 15. Qh5+ Kg8 16. Qxe5 Qxe5 17. Bxe5 Rfe8 18. Bd6 Rac8 19. Rd1 d4 20. cxd4 cxd4 21. Rxd4 Rc1+ 22. Rd1 Rc2 23. 0-0 Bb5 24. Rfe1 Rxb2 25. Rb1 Rxb1 26. Rxb1 Bc6 27. Bc5 Re5 28. Bd6 Rd5 29. Bf4 Rd2 30. Ra1 Bd5 31. a4 Ra2 32. Rxa2 Bxa2 33. Bc7 Kf8 34. a5 Ke7 35. Be5 g6 36. Bd4 a6 37. f3 Be6 38. Kf2 Bd7 39. Kg3 Bb5 40. Kf4 f6 41. h4 Ke6 42. g4 Be8 43. e4 Bf7 44. Bb6 Be8 45. Bc7 Kd7 46. Bb6 Ke6 47. Bd4 Bf7 48. Bb2 Be8 49. Bc3 Bf7 50. Bd2 Be8 51. Ke3 Bf7 52. Kd4 Be8 53. f4 Bf7 54. f5+ Kd6 55. Bb4+ Kd7 56. g5 fxg5 57. hxg5 gxf5 58. exf5 Ke8 59. Ke5 Bg8 60. Kf6 1-0

[Event "Porto Sant Elpidio op 4th"]
[Site "Porto Sant Elpidio"]
[Date "2001.11.02"]
[Round "3"]
[White "Graziani, Claudio"]
[Black "Rinaudo, Sergio"]
[Result "1-0"]
[WhiteElo "1855"]
[BlackElo "1768"]
[PlyCount "61"]
[EventDate "2001.11.01"]
[EventType "swiss"]
[EventRounds "6"]
[EventCountry "ITA"]
[SourceTitle "EXT 2024"]
[Source "ChessBase"]
[SourceDate "2023.10.10"]
[SourceVersion "1"]
[SourceVersionDate "2023.10.10"]
[SourceQuality "1"]

1. e4 c5 2. Nf3 d6 3. d4 cxd4 4. Nxd4 Nf6 5. Nc3 a6 6. Bg5 e6 7. f4 Qb6 8. Qd2 Nbd7 9. 0-0-0 Be7 10. g4 h6 11. Bh4 Nc5 12. Bxf6 Bxf6 13. h4 Bd7 14. Bg2 0-0-0 15. g5 hxg5 16. hxg5 Rxh1 17. Bxh1 Be7 18. f5 Rh8 19. Bf3 Qd8 20. Rg1 Rh3 21. Qg2 Qh8 22. g6 fxg6 23. fxe6 Qh6+ 24. Kb1 Nxe6 25. Nxe6 Bxe6 26. e5 Rh2 27. Bxb7+ Kd8 28. Qc6 Qd2 29. Nd5 Bd7 30. Qc7+ Ke8 31. e6 1-0

[Event "Porto Sant Elpidio op 4th"]
[Site "Porto Sant Elpidio"]
[Date "2001.11.01"]
[Round "1"]
[White "Graziani, Claudio"]
[Black "Basso, Fabrizio"]
[Result "1-0"]
[WhiteElo "1855"]
[BlackElo "1575"]
[PlyCount "35"]
[EventDate "2001.11.01"]
[EventType "swiss"]
[EventRounds "6"]
[EventCountry "ITA"]
[SourceTitle "EXT 2024"]
[Source "ChessBase"]
[SourceDate "2023.10.10"]
[SourceVersion "1"]
[SourceVersionDate "2023.10.10"]
[SourceQuality "1"]

1. e4 e5 2. Nf3 Nc6 3. d4 exd4 4. Nxd4 Bc5 5. Be3 Qf6 6. Nb5 Bxe3 7. fxe3 Qh4+ 8. g3 Qd8 9. Qg4 Kf8 10. Qf4 d6 11. N1c3 a6 12. Nd4 Ne5 13. 0-0-0 Ne7 14. Be2 N7g6 15. Qf2 Ng4 16. Bxg4 Bxg4 17. h3 Bxd1 18. Ne6+ 1-0

[Event "Porto Sant Elpidio op-A 1st"]
[Site "Porto Sant Elpidio"]
[Date "1998.10.??"]
[Round "?"]
[White "Graziani, Claudio"]
[Black "Miandro, Roberto"]
[Result "1/2-1/2"]
[WhiteElo "1600"]
[BlackElo "1783"]
[PlyCount "47"]
[EventDate "1998.10.??"]
[EventType "swiss"]
[EventRounds "6"]
[EventCountry "ITA"]
[SourceTitle "EXT 2024"]
[Source "ChessBase"]
[SourceDate "2023.10.10"]
[SourceVersion "1"]
[SourceVersionDate "2023.10.10"]
[SourceQuality "1"]

1. e4 c5 2. Nf3 d6 3. d4 cxd4 4. Nxd4 Nf6 5. Nc3 a6 6. Be2 e5 7. Nb3 Be6 8. 0-0 Qc7 9. f4 Nbd7 10. a4 Be7 11. Kh1 h5 12. f5 Bc4 13. Bg5 0-0-0 14. Nd2 Bxe2 15. Qxe2 d5 16. exd5 Nb6 17. Bxf6 gxf6 18. Qe4 Qd6 19. Nc4 Nxc4 20. Qxc4+ Qc5 21. Qxc5+ Bxc5 22. Ne4 Rxd5 23. c4 Rd4 24. Nxc5 1/2-1/2